Central Library OPAC University of Rajshahi

Modern Accountancy / (Record no. 82184)

MARC details
000 -LEADER
fixed length control field 00690nam a2200253 a 4500
001 - CONTROL NUMBER
control field 82184
003 - CONTROL NUMBER IDENTIFIER
rucl marc code BD-RjUL
005 - DATE AND TIME OF LATEST TRANSACTION
control field 20231026130247.0
008 - FIXED-LENGTH DATA ELEMENTS--GENERAL INFORMATION
fixed length control field 231026s2019 ii ||||| |||| 00| 0 eng d
020 ## - INTERNATIONAL STANDARD BOOK NUMBER
International Standard Book Number 9789353162252
035 ## - SYSTEM CONTROL NUMBER
System control number (BD-RjUL)82184
040 ## - CATALOGING SOURCE
Original cataloging agency BD-RjUL
Language of cataloging eng
Transcribing agency BD-RjUL
041 ## - LANGUAGE CODE
Language code of text/sound track or separate title eng
082 ## - DEWEY DECIMAL CLASSIFICATION NUMBER
Edition number 23
Classification number 657.0951
Author mark and year HAM 2019
100 ## - MAIN ENTRY--PERSONAL NAME
Personal name Hanif, Mohammed
9 (RLIN) 9749
245 ## - TITLE STATEMENT
Title Modern Accountancy /
Statement of responsibility, etc. by Mohammed Hanif, Amitabha Mukherjee
250 ## - EDITION STATEMENT
Edition statement 3rd ed.
260 ## - PUBLICATION, DISTRIBUTION, ETC. (IMPRINT)
Place of publication, distribution, etc. Chennai :
Name of publisher, distributor, etc. McGraw Hill Education India,
Date of publication, distribution, etc. 2019
300 ## - PHYSICAL DESCRIPTION
Pagination V.:
Illustrations ill.
Size 24 cm.
505 01 - FORMATTED CONTENTS NOTE
Formatted contents note Vol. 3 --
650 ## - SUBJECT ADDED ENTRY--TOPICAL TERM
Topical term or geographic name as entry element Accounting
700 ## - ADDED ENTRY--PERSONAL NAME
Personal name Mukherjee, Amitabha
942 ## - ADDED ENTRY ELEMENTS (KOHA)
Source of classification or shelving scheme Dewey Decimal Classification
Koha item type Books
Holdings
Lost status Source of classification or shelving scheme Damaged status Not for loan Collection code Permanent Location Current Location Shelving location Date acquired Source of acquisition Cost, normal purchase price Full call number Date last seen Copy number Koha item type
  Dewey Decimal Classification   Not For Loan Non-fiction Central Library, University of Rajshahi Central Library, University of Rajshahi Reading Room 24/08/2023 Dhaka : Mullick and Brothers 1400.00 657.0951 HAM V-2 2019 26/10/2023 C-1 Books
  Dewey Decimal Classification     Non-fiction Central Library, University of Rajshahi Central Library, University of Rajshahi General Stacks 24/08/2023 Dhaka : Mullick and Brothers 1400.00 657.0951 HAM V-2 2019 26/10/2023 C-2 Books